000 00379nam a2200169Ia 4500
008 240510s9999 xx 000 0 und d
041 _asih
082 _a200
082 _bR14
100 _aRaj, Ajith Cristofer Thomas
245 0 _aPatanganmehedi
260 _bColombo :Ajith Cristofer Thomas Raj
260 _c2008
300 _a141 p.
942 _2ddc
942 _cLBK
999 _c28576
_d28576
945 _a1
_bMadushi Gamage
_c1
_dMadushi Gamage